000 00541nam a2200181Ia 4500
008 100921s9999 xx 000 0 und d
082 _b2194
_a910 थ 67
100 _aArunachalam.
245 _aMaharashtra.
260 _bशेठ अे. आर.आणि कंपनी.
_c1967
300 _a308
_b---
365 _b6
520 _aभूगोल-भू,स्थल,प्रवास.
630 _aMaharashtra.
650 _aभूगोल-भू,स्थल,प्रवास.
730 _aMaharashtra.
942 _cBOOK
999 _c751307
_d751304